| 000 | 01619nac a22004091i 4500 | ||
|---|---|---|---|
| 003 | EG-ScBUE | ||
| 005 | 20240522142226.0 | ||
| 008 | 240522t1993 ua b f b 001 0ceng d | ||
| 020 | _a9774243161 | ||
| 035 | _a(OCoLC)29716975 | ||
| 040 |
_aEG-ScBUE _beng _erda _cEG-ScBUE _dEG-ScBUE |
||
| 041 | 1 |
_aeng _hara |
|
| 043 |
_af-ua--- _aa-is--- _ama----- |
||
| 082 | 0 | 4 |
_a956.048 _bJAM _222 |
| 100 | 1 |
_aJamasī, Muḥammad ʻAbd al-Ghanī, _eauthor. |
|
| 245 | 1 | 4 |
_aThe October war / _cMohamed Abdel Ghani El-Gamasy ; translation by Gillian Potter, Nadra Morcos, Rosette Frances. |
| 246 | 3 | 4 |
_aOctober war : _bmemoirs of field Marshal El-Gamasy of Egypt |
| 264 | 1 |
_aCairo : _bThe American University in Cairo Press, _c[1993] |
|
| 264 | 4 | _cc1993 | |
| 300 |
_aviii, 430 pages : _bmaps (some colors) ; _c25 cm |
||
| 336 |
_2rdacontent _atext _btxt |
||
| 337 |
_aunmediated _2rdamedia _bn |
||
| 338 |
_avolume _bnc _2rdacarrier |
||
| 504 | _aIncludes bibliographical references and index. | ||
| 546 | _aText in English ; translated from the original Arabic. | ||
| 650 | 7 |
_aMarshals _zEgypt _xBiography. _2BUEsh |
|
| 650 | 7 |
_aIsrael-Arab War, 1973 _zEgypt. _2BUEsh |
|
| 650 | 7 |
_aIsrael-Arab War, 1973 _xPersonal narratives, Egyptian. _2BUEsh |
|
| 650 | 7 |
_aIsrael-Arab War, 1967 _xPersonal narratives, Egyptian. _2BUEsh |
|
| 651 | 7 |
_aEgypt _xArmed Forces _xBiography. _2BUEsh |
|
| 651 | 7 |
_aEgypt _xPolitics and government _y1970-1981. _2BUEsh |
|
| 655 | _vReading book | ||
| 700 | 1 |
_aPotter, Gillian, _etranslator. |
|
| 700 | 1 |
_aMorcos, Nadra, _etranslator. |
|
| 700 | 1 |
_aFrances, Rosette, _etranslator. |
|
| 942 |
_cBB _2ddc |
||
| 999 |
_c5557 _d5557 |
||